MARC

LEADER 00000nam0a2200000 4500
001 28304
005 20231101205839.0
010 |a 5230121270 
035 |a (RuTPU)RU\TPU\book\28560 
035 |a BOOK00000285 
090 |a 28304 
100 |a 20011209d1993 m y0rusy50 ca 
101 0 |a rus 
102 |a RU 
105 |a y j 000zy 
200 1 |a Основы измерений на СВЧ и в оптическом диапазоне волн  |e учебное пособие  |f МИРЭА 
210 |a Москва  |c Изд-во МИРЭА  |d 1993 
215 |a 80 с. 
606 1 |a Радиотехнические измерения  |2 stltpush  |3 (RuTPU)RU\TPU\subj\23222  |9 47854 
610 1 |a радиотехника 
610 1 |a электродинамика 
610 1 |a СВЧ 
610 1 |a сверхвысокие частоты 
610 1 |a волны 
610 1 |a оптический диапазон 
610 1 |a устройства 
610 1 |a учебные пособия 
675 |a 621.396.6(075.8)  |v 3 
712 0 2 |a Московский государственный институт радиотехники, электроники и автоматики (технический университет) (МИРЭА)  |2 stltpush  |3 (RuTPU)RU\TPU\col\119 
801 0 |a RU  |b 63413507  |c 20011209  |g PSBO 
801 2 |a RU  |b 63413507  |c 20160401  |g PSBO 
942 |c BK